| 000 | 00564 a2200205 4500 | ||
|---|---|---|---|
| 005 | 20260213163610.0 | ||
| 008 | 260213b |||||||| |||| 00| 0 eng d | ||
| 020 |
_a9781032962887 _cRs. 1295.00 |
||
| 040 | _aMAIN | ||
| 082 |
_a305.3230820954 _bN292R |
||
| 100 | _aNitu Kumari | ||
| 245 | _aRights of the girl child in India: Struggle for existence and well-being | ||
| 250 | _a2nd | ||
| 260 |
_bRoutledge _c2025 _aOxon |
||
| 300 | _axii, 158 | ||
| 650 | _aSociology | ||
| 650 | _aCivil and Political Rights | ||
| 650 | _aRights of Children | ||
| 942 | _cBK | ||
| 999 |
_c394564 _d394564 |
||